Score 0/30 Timer 08:00
1 Play Today
% Correct
Home Alone 2: Lost in New York
97.1%
Ocean's Eleven
92.2%
Bad Santa
80.9%
Thelma & Louise
79.8%
Inception
78.1%
Robin Hood: Men in Tights
72.9%
Captain Phillips
67.8%
Bonnie and Clyde
67.4%
Reservoir Dogs
67.3%
The Usual Suspects
67.2%
Butch Cassidy and the Sundance Kid
63.3%
The Town
44.9%
Dog Day Afternoon
43.6%
The Thomas Crown Affair
41.9%
Point Break
40.5%
% Correct
Heat
36.6%
Entrapment
36.6%
A Fish Called Wanda
36.5%
Public Enemies
34.6%
Lock, Stock and Two Smoking Barrels
34%
The Ladykillers
33.7%
Inside Man
29.1%
Panic Room
28.9%
The Bling Ring
27.3%
Bottle Rocket
22.2%
30 Minutes or Less
22.2%
The Italian Job
21.8%
The Place Beyond the Pines
21.2%
Bicycle Thieves
4.5%
The Killing
3.9%
Remove Ads.
Support Sporcle.
Get the best of Sporcle when you Go Orange. This ad-free experience offers more features, more stats, and more fun while also helping to support Sporcle. Thank you for becoming a member.

You're not logged in!

Compare scores with friends on all Sporcle quizzes.
OR
Log In

Show Comments

Extras

Top Quizzes Today


Score Distribution

Your Account Isn't Verified!

In order to create a playlist on Sporcle, you need to verify the email address you used during registration. Go to your Sporcle Settings to finish the process.

Report this User

Report this user for behavior that violates our Community Guidelines.

Details: